| 000 | 00461nam a22001577a 4500 | ||
|---|---|---|---|
| 020 | _a9780750685603 | ||
| 040 | _cNUST | ||
| 082 |
_a531 _bLAI |
||
| 100 |
_aLai, W. Michael _9123616 |
||
| 110 |
_aRubin, David Krempl, Erhard _9123617 |
||
| 245 | _aIntroduction to Continuum Mechanics | ||
| 250 | _a4th Edition | ||
| 260 |
_aAmsterdam: _bButterworth-Heinemann/Elsevier, _c2010. |
||
| 650 |
_aIntroduction to Continuum Mechanics _9123618 |
||
| 942 |
_2ddc _cTEXT |
||
| 999 |
_c609747 _d609747 |
||